000
00372nam a22001577a 4500
003
MPLRDC
005
20220104144412.0
008
210129b ||||| |||| 00| 0 eng d
082
_a
782.881 JL
100
_a
季林 编著
245
_a
中国作家剪影
_c
260
_a
_b
文学出版社
_c
1958
300
_b
平
650
_a
中国传记
942
_c
BK
_o
782.881 JL
999
_c
49252
_d
49242